[Event "12th EUR-ch"]
[Site "Aix-les-Bains FRA"]
[Date "2011.03.26"]
[Round "5.34"]
[White "Shimanov, Aleksandr"]
[Black "Hracek, Zbynek"]
[Result "1/2-1/2"]
[WhiteElo "2550"]
[BlackElo "2631"]
[EventDate "2011.03.22"]
[PlyCount "35"]

1.d4 Nf6 2.c4 e6 3.g3 d5 4.Nf3 Bb4+ 5.Bd2 Be7 6.Bg2 c6 7.O-O O-O 8.Bf4 b6 
9.Qc2 Bb7 10.Rd1 Nbd7 11.Nc3 dxc4 12.Nd2 Nd5 13.Nxc4 Nxf4 14.gxf4 Nf6 15.
e3 Rc8 16.a3 Nd5 17.b4 Kh8 18.Qb3 1/2-1/2

[Event "12th EUR-ch"]
[Site "Aix-les-Bains FRA"]
[Date "2011.03.26"]
[Round "5.35"]
[White "Dubov, Daniil"]
[Black "Lupulescu, Constantin"]
[Result "0-1"]
[WhiteElo "2489"]
[BlackElo "2626"]
[EventDate "2011.03.22"]
[PlyCount "60"]

1.d4 Nf6 2.c4 e6 3.Nc3 Bb4 4.Qc2 d5 5.a3 Bxc3+ 6.Qxc3 Ne4 7.Qc2 e5 8.e3 
exd4 9.cxd5 Qxd5 10.Nf3 Nd6 11.Nxd4 Bd7 12.f3 Nc6 13.Nxc6 Bxc6 14.Be2 
O-O-O 15.e4 Qe6 16.O-O f5 17.Bg5 Rde8 18.Qc5 fxe4 19.Qxa7 Rhf8 20.fxe4 
Qxe4 21.Bf3 Rxf3 22.Rxf3 Qe5 23.Rg3 Qxb2 24.Rf1 b6 25.Qa6+ Kb8 26.Qd3 Re2 
27.Rf8+ Kb7 28.Rff3 Ne4 29.Rg4 Re1+ 30.Rf1 Qf2+ 0-1

[Event "12th EUR-ch"]
[Site "Aix-les-Bains FRA"]
[Date "2011.03.26"]
[Round "5.36"]
[White "Saric, Ivan"]
[Black "Alsina Leal, Daniel"]
[Result "1-0"]
[WhiteElo "2626"]
[BlackElo "2538"]
[EventDate "2011.03.22"]
[PlyCount "100"]

1.e4 c5 2.Nf3 d6 3.d4 cxd4 4.Nxd4 Nf6 5.Nc3 a6 6.h3 e6 7.g4 Be7 8.Bg2 Nfd7
9.Be3 Nc6 10.Qe2 Nxd4 11.Bxd4 O-O 12.O-O-O b5 13.e5 d5 14.Qe3 Bb7 15.f4 
Qc7 16.f5 Rfc8 17.Rd2 Bc5 18.Re1 Bxd4 19.Rxd4 Qc5 20.f6 gxf6 21.exf6 Kh8 
22.Be4 Nxf6 23.Bd3 Ne4 24.Bxe4 dxe4 25.Rd7 Qxe3+ 26.Rxe3 Bd5 27.Rxf7 Rf8 
28.Rxf8+ Rxf8 29.Nxe4 Rf1+ 30.Kd2 Rb1 31.b3 Ra1 32.Nc5 Rxa2 33.Nxe6 b4 34.
Nc7 Bf7 35.Kc1 Bg6 36.Re2 Kg7 37.Kb1 Ra5 38.h4 h6 39.Kb2 Kf7 40.Rd2 Kg7 
41.h5 Bh7 42.Rd7+ Kh8 43.Rd8+ Kg7 44.Ne8+ Kf8 45.Nf6+ Ke7 46.Rd7+ Kxf6 47.
Rxh7 Kg5 48.Rg7+ Kf4 49.Rg6 Rb5 50.Rxa6 Kxg4 1-0

[Event "12th EUR-ch"]
[Site "Aix-les-Bains FRA"]
[Date "2011.03.26"]
[Round "5.37"]
[White "Matlakov, Maxim"]
[Black "Javakhishvili, Lela"]
[Result "1/2-1/2"]
[WhiteElo "2625"]
[BlackElo "2437"]
[EventDate "2011.03.22"]
[PlyCount "121"]

1.d4 d5 2.c4 c6 3.Nc3 Nf6 4.e3 e6 5.Nf3 Nbd7 6.Qc2 Bd6 7.Bd3 O-O 8.O-O 
dxc4 9.Bxc4 a6 10.Rd1 b5 11.Bd3 Qc7 12.Bd2 Bb7 13.b4 e5 14.h3 Rfe8 15.Ng5 
h6 16.Nge4 Bxb4 17.Nxb5 axb5 18.Bxb4 Nxe4 19.Bxe4 exd4 20.exd4 Nf6 21.Bf3 
Qd7 22.a4 bxa4 23.Rxa4 Rxa4 24.Qxa4 Nd5 25.Bd2 Ra8 26.Qc2 Re8 27.Ra1 Ra8 
28.Rb1 Ba6 29.Ra1 Bb7 30.Rc1 Re8 31.Qd3 Qd6 32.Qc4 Qd7 33.Rb1 Bc8 34.Qc5 
Bb7 35.Qa7 Bc8 36.Qa8 Kh7 37.Bg4 f5 38.Bf3 Qd6 39.Bh5 Rf8 40.Qa7 Be6 41.
Rb7 Rg8 42.Bf3 Bc8 43.Rb1 Re8 44.h4 f4 45.Rc1 Bf5 46.Qa6 Re6 47.Rc5 Qd7 
48.Qc4 Rd6 49.Qc1 Bg4 50.Be4+ Kg8 51.Ra5 Bf5 52.Qc2 Rf6 53.Ra6 Bxe4 54.
Qxe4 Rf8 55.Qc2 Rf6 56.Ra8+ Rf8 57.Ra6 Rf6 58.Ra8+ Rf8 59.Rxf8+ Kxf8 60.
Qg6 Nf6 61.Bxf4 1/2-1/2

[Event "12th EUR-ch"]
[Site "Aix-les-Bains FRA"]
[Date "2011.03.26"]
[Round "5.38"]
[White "Wells, Peter"]
[Black "Romanov, Evgeny"]
[Result "0-1"]
[WhiteElo "2487"]
[BlackElo "2624"]
[EventDate "2011.03.22"]
[PlyCount "72"]

1.d4 Nf6 2.c4 c5 3.d5 g6 4.Nc3 Bg7 5.e4 d6 6.Bd3 O-O 7.h3 e6 8.Nf3 Na6 9.
O-O Nc7 10.Bg5 h6 11.Bh4 e5 12.Nd2 Qe8 13.Nb5 Nxb5 14.cxb5 Nh5 15.Nc4 Qd7 
16.Bg3 Qe7 17.Kh1 Bd7 18.a4 Rad8 19.Ra3 Bc8 20.Bc2 Qg5 21.Bh2 f5 22.exf5 
gxf5 23.h4 Qxh4 24.Nxd6 Rxd6 25.Rh3 Qd4 26.Rxh5 Rxd5 27.Qe2 c4 28.f4 Qd2 
29.Qxc4 Be6 30.Bb3 Rc8 31.Qxc8+ Bxc8 32.fxe5 Kh7 33.Bxd5 Qxd5 34.Bf4 Be6 
35.Rc1 Qe4 36.Rh4 Bd5 0-1

[Event "12th EUR-ch"]
[Site "Aix-les-Bains FRA"]
[Date "2011.03.26"]
[Round "5.39"]
[White "Macieja, Bartlomiej"]
[Black "Zude, Erik"]
[Result "1/2-1/2"]
[WhiteElo "2619"]
[BlackElo "2409"]
[EventDate "2011.03.22"]
[PlyCount "125"]

1.d4 Nf6 2.c4 g6 3.Nc3 Bg7 4.e4 d6 5.Nf3 O-O 6.Be2 e5 7.O-O Nc6 8.d5 Ne7 
9.Ne1 Nd7 10.Nd3 f5 11.Bd2 Nf6 12.f3 f4 13.c5 g5 14.Rc1 Ng6 15.Nb5 Rf7 16.
Ba5 b6 17.cxd6 cxd6 18.Be1 g4 19.Nb4 Bf8 20.Qc2 gxf3 21.Rxf3 Bg4 22.Rc3 f3
23.Bxf3 Bh6 24.Rd1 Qd7 25.a4 Bxf3 26.Rxf3 Raf8 27.Bg3 Ng4 28.Qe2 Nf4 29.
Bxf4 Bxf4 30.h3 Nf6 31.g3 Qxh3 32.Nxd6 Rg7 33.Qg2 Qh5 34.Rdd3 Kh8 35.Na2 
Rfg8 36.Nc3 Rg5 37.Ne2 Rd8 38.Nc4 Nxe4 39.Rxf4 Nc5 40.Nxe5 Rxe5 41.Qf2 Kg8
42.Rdd4 Rg5 43.Nc3 Qh3 44.Rf3 Qh6 45.Kg2 a5 46.Qe3 Qg6 47.d6 h6 48.Nd5 Qe6
49.Nxb6 Rxd6 50.Rxd6 Qxd6 51.Qe8+ Kh7 52.Nc4 Qd5 53.Ne3 Qb7 54.Nc4 Rf5 55.
Nd2 Rxf3 56.Nxf3 Qxb2+ 57.Kh3 Qf6 58.Kg2 Qb2+ 59.Kh3 Qf6 60.Qa8 Qf5+ 61.g4
Qe4 62.Qa7+ Qb7 63.Qxb7+ 1/2-1/2

[Event "12th EUR-ch"]
[Site "Aix-les-Bains FRA"]
[Date "2011.03.26"]
[Round "5.40"]
[White "Sanikidze, Tornike"]
[Black "Nepomniachtchi, Ian"]
[Result "0-1"]
[WhiteElo "2542"]
[BlackElo "2729"]
[EventDate "2011.03.22"]
[PlyCount "106"]

1.d4 Nf6 2.c4 g6 3.Nc3 d5 4.cxd5 Nxd5 5.e4 Nxc3 6.bxc3 Bg7 7.Be3 c5 8.Qd2 
Qa5 9.Rb1 cxd4 10.cxd4 Qxd2+ 11.Kxd2 O-O 12.Bd3 Rd8 13.Nf3 e6 14.Rhc1 Nc6 
15.Rc4 Bd7 16.Bg5 f6 17.Be3 Bf8 18.Ke2 Be8 19.Bd2 Rd7 20.Rc2 Rad8 21.Bb5 
Re7 22.e5 Bg7 23.Be3 Rc7 24.exf6 Bxf6 25.Bd3 g5 26.g4 h6 27.Be4 Kg7 28.Kf1
Bg6 29.Bxg6 Kxg6 30.d5 exd5 31.Bxa7 Rcd7 32.Bb6 Ra8 33.Bc5 Ra4 34.h3 Rc4 
35.Rxc4 dxc4 36.Rc1 c3 37.a4 Rd5 38.Bb6 Nb4 39.Ne1 Rd2 40.Bc5 Nd5 41.Nc2 
b6 42.Be3 Nxe3+ 43.Nxe3 Bd4 44.Ke1 Ra2 45.Nd1 Ra3 46.Ke2 Be5 47.Kd3 Rxa4 
48.Nxc3 Ra3 49.Kc4 Bxc3 50.Rxc3 b5+ 51.Kb4 Rxc3 52.Kxc3 Kf6 53.Kd4 b4 0-1

[Event "12th EUR-ch"]
[Site "Aix-les-Bains FRA"]
[Date "2011.03.26"]
[Round "5.41"]
[White "Jakovenko, Dmitry"]
[Black "Rapport, Richard"]
[Result "1-0"]
[WhiteElo "2718"]
[BlackElo "2540"]
[EventDate "2011.03.22"]
[PlyCount "163"]

1.d4 d5 2.c4 c6 3.Nc3 Nf6 4.e3 g6 5.Nf3 Bg7 6.Be2 O-O 7.O-O Be6 8.cxd5 
cxd5 9.Qb3 Qb6 10.Qxb6 axb6 11.b3 Bg4 12.h3 Bxf3 13.Bxf3 e6 14.Bb2 Rc8 15.
Rfc1 Nc6 16.Na4 Nd7 17.Be2 Bf8 18.Kf1 Bd6 19.Nc3 Kf8 20.Nb5 Be7 21.a3 Nf6 
22.b4 Ne4 23.Rc2 Ke8 24.Bd3 Nd6 25.Nxd6+ Bxd6 26.e4 Be7 27.Re1 Kd7 28.g3 
Bf6 29.e5 Bg7 30.Bb5 f5 31.Ke2 Kd8 32.Bd3 Kd7 33.Bb5 Kd8 34.Bd3 Kd7 35.h4 
Na7 36.Rxc8 Rxc8 37.h5 Ke7 38.Rh1 Kf7 39.f4 Nc6 40.Kd2 Bf8 41.Be2 Kg7 42.
Bc3 Ra8 43.Bb2 Re8 44.Bc3 Ra8 45.Ra1 Kf7 46.Kc2 Bh6 47.Kb3 g5 48.g4 fxg4 
49.fxg5 Bxg5 50.Bxg4 Be3 51.Rf1+ Ke7 52.Rf6 Nxd4+ 53.Bxd4 Bxd4 54.Rxe6+ 
Kf8 55.Rf6+ Ke7 56.Rh6 Rh8 57.Bf5 b5 58.Re6+ Kf7 59.Rf6+ Ke7 60.Rh6 Rf8 
61.Rxh7+ Kd8 62.Rd7+ Ke8 63.Rxd5 Rxf5 64.Rxd4 Rxe5 65.Rh4 Kf7 66.h6 Kg8 
67.h7+ Kh8 68.Kc3 Rd5 69.Rh6 b6 70.Rh3 Rd7 71.Rh5 Rd6 72.Kc2 Rg6 73.Kd3 
Rg3+ 74.Kd4 Rg4+ 75.Kd5 Rg6 76.Ke5 Rc6 77.Kd4 Rg6 78.Rxb5 Kxh7 79.Rf5 Rg3 
80.a4 Rg4+ 81.Kc3 Kg7 82.Kb3 1-0

[Event "12th EUR-ch"]
[Site "Aix-les-Bains FRA"]
[Date "2011.03.26"]
[Round "5.42"]
[White "Gritsak, Orest"]
[Black "Caruana, Fabiano"]
[Result "1/2-1/2"]
[WhiteElo "2539"]
[BlackElo "2716"]
[EventDate "2011.03.22"]
[PlyCount "45"]

1.Nf3 f5 2.g3 Nf6 3.Bg2 g6 4.d4 Bg7 5.c4 d6 6.Nc3 O-O 7.O-O Qe8 8.d5 Na6 
9.Rb1 Bd7 10.b4 c6 11.dxc6 bxc6 12.a3 Kh8 13.Bb2 Rb8 14.Ba1 Ng4 15.e3 c5 
16.b5 Nc7 17.a4 Be6 18.Qd3 h6 19.Nd5 Bxd5 20.Bxg7+ Kxg7 21.cxd5 Qf7 22.
Rfd1 Qf6 23.h3 1/2-1/2

[Event "12th EUR-ch"]
[Site "Aix-les-Bains FRA"]
[Date "2011.03.26"]
[Round "5.43"]
[White "Jobava, Baadur"]
[Black "Pridorozhni, Aleksei"]
[Result "1-0"]
[WhiteElo "2707"]
[BlackElo "2542"]
[EventDate "2011.03.22"]
[PlyCount "101"]

1.d4 d5 2.c4 c6 3.Nc3 Nf6 4.Nf3 a6 5.cxd5 cxd5 6.Bf4 Nc6 7.Ne5 Qb6 8.Nxc6 
bxc6 9.f3 e6 10.Na4 Qa5+ 11.Kf2 Nh5 12.Bd2 Qc7 13.Qc2 Bd6 14.Rc1 O-O 15.
Qxc6 Qe7 16.Qxa8 Qh4+ 17.g3 Nxg3 18.hxg3 Qxg3+ 19.Ke3 Bd7 20.Qxa6 e5 21.
Be1 Qg5+ 22.Kf2 e4 23.e3 Qg3+ 24.Ke2 Qxf3+ 25.Kd2 Qxh1 26.Qxd6 Qxf1 27.Nc5
Bg4 28.Qh2 Rc8 29.Bg3 Qb5 30.Ke1 h5 31.a4 Qb6 32.Ra1 Ra8 33.Bc7 Qf6 34.Qf4
Qh4+ 35.Kd2 Ra7 36.Rf1 Qe7 37.Bb6 Ra8 38.a5 Bf3 39.a6 Qe8 40.Rxf3 exf3 41.
Qxf3 Qb5 42.Qxd5 Qxb2+ 43.Kd3 Qb1+ 44.Kc3 Re8 45.Qb7 Qc1+ 46.Kb4 Qxe3 47.
d5 f6 48.a7 f5 49.a8=Q Rxa8 50.Qxa8+ Kh7 51.Qb7 1-0

[Event "12th EUR-ch"]
[Site "Aix-les-Bains FRA"]
[Date "2011.03.26"]
[Round "5.44"]
[White "Nevednichy, Vladislav"]
[Black "Dreev, Aleksey"]
[Result "0-1"]
[WhiteElo "2534"]
[BlackElo "2697"]
[EventDate "2011.03.22"]
[PlyCount "71"]

1.e4 c6 2.d4 d5 3.e5 Bf5 4.Nf3 e6 5.Be2 c5 6.Be3 Qb6 7.Nc3 Nc6 8.Bb5 Bg4 
9.dxc5 Bxc5 10.Bxc5 Qxc5 11.Qd4 Qxd4 12.Nxd4 Ne7 13.f3 Bh5 14.O-O-O Rc8 
15.Rhe1 O-O 16.Bxc6 Nxc6 17.Ncb5 Bg6 18.Nxc6 Rxc6 19.c3 Rb6 20.Nd4 Rc8 21.
Re3 Ra6 22.a3 Ra4 23.Kd2 Kf8 24.Ra1 Rac4 25.b3 R4c5 26.b4 Rc4 27.h4 h5 28.
g3 a6 29.Rc1 Ke7 30.Ra1 Bh7 31.a4 Rg8 32.a5 g5 33.hxg5 Rxg5 34.f4 Rg8 35.
Rh1 Bg6 36.Kc1 0-1

[Event "12th EUR-ch"]
[Site "Aix-les-Bains FRA"]
[Date "2011.03.26"]
[Round "5.45"]
[White "Laznicka, Viktor"]
[Black "Gabrielian, Artur"]
[Result "1/2-1/2"]
[WhiteElo "2688"]
[BlackElo "2532"]
[EventDate "2011.03.22"]
[PlyCount "74"]

1.d4 Nf6 2.c4 g6 3.g3 Bg7 4.Bg2 d5 5.cxd5 Nxd5 6.Nf3 O-O 7.O-O Nb6 8.Nc3 
Nc6 9.e3 Re8 10.Re1 a5 11.Qe2 a4 12.Rd1 Bg4 13.h3 Be6 14.Nd2 Nd5 15.Nde4 
Qc8 16.Kh2 Nxc3 17.bxc3 Bd5 18.Nf6+ Bxf6 19.Bxd5 Ra5 20.Bg2 e5 21.Qc2 Ne7 
22.Rb1 c6 23.e4 Qc7 24.Be3 Nc8 25.f4 exf4 26.Bxf4 Qd7 27.c4 Bg7 28.e5 Ne7 
29.g4 b5 30.Qd2 Qa7 31.cxb5 Rxb5 32.Rxb5 cxb5 33.d5 g5 34.Bg3 Ng6 35.d6 
Bxe5 36.Bxe5 Nxe5 37.Qxg5+ Kf8 1/2-1/2

[Event "12th EUR-ch"]
[Site "Aix-les-Bains FRA"]
[Date "2011.03.26"]
[Round "5.46"]
[White "Esen, Baris"]
[Black "McShane, Luke"]
[Result "1/2-1/2"]
[WhiteElo "2528"]
[BlackElo "2683"]
[EventDate "2011.03.22"]
[PlyCount "136"]

1.d4 Nf6 2.c4 g6 3.Nf3 Bg7 4.g3 b6 5.Bg2 Bb7 6.O-O O-O 7.Nc3 Ne4 8.Nxe4 
Bxe4 9.Be3 d6 10.Qd2 Nd7 11.Bh6 c5 12.Bxg7 Kxg7 13.d5 a6 14.Bh3 Bxf3 15.
exf3 b5 16.b3 Rb8 17.Rfe1 Rb7 18.Re3 Re8 19.Rae1 Nf6 20.g4 Kg8 21.f4 bxc4 
22.bxc4 Qb8 23.R1e2 h6 24.Kg2 Nh7 25.g5 hxg5 26.fxg5 Qd8 27.f4 Qb6 28.Rb3 
Qc7 29.f5 Rxb3 30.axb3 gxf5 31.Bxf5 Nf8 32.Re3 e6 33.Qc3 e5 34.Rh3 Ng6 35.
Rh6 Qd8 36.h4 Kg7 37.Kg3 Rf8 38.Qe3 Rh8 39.Rxh8 Qxh8 40.Bxg6 Kxg6 41.b4 f5
42.gxf6 cxb4 43.c5 Qxf6 44.c6 Qf4+ 45.Qxf4 exf4+ 46.Kxf4 b3 47.c7 b2 48.
c8=Q b1=Q 49.Qe6+ Kg7 50.Qe7+ Kg8 51.Qxd6 Qf1+ 52.Kg5 Qg2+ 53.Kf6 Qf2+ 54.
Ke6 Qf7+ 55.Ke5 Qh5+ 56.Kd4 Qxh4+ 57.Kc5 a5 58.Qb8+ Kf7 59.Qc7+ Ke8 60.
Qc6+ Kd8 61.Qb6+ Kd7 62.Qb5+ Kc8 63.Qa6+ Kd7 64.Qc6+ Kd8 65.Qa8+ Kd7 66.
Qa7+ Kc8 67.Qxa5 Qf2+ 68.Kc4 Qe2+ 1/2-1/2

[Event "12th EUR-ch"]
[Site "Aix-les-Bains FRA"]
[Date "2011.03.26"]
[Round "5.47"]
[White "Rublevsky, Sergei"]
[Black "Conquest, Stuart"]
[Result "1/2-1/2"]
[WhiteElo "2678"]
[BlackElo "2529"]
[EventDate "2011.03.22"]
[PlyCount "58"]

1.e4 c5 2.Nf3 g6 3.d4 cxd4 4.Qxd4 Nf6 5.e5 Nc6 6.Qa4 Nd5 7.Qe4 Ndb4 8.Bb5 
Bg7 9.O-O O-O 10.a3 Na6 11.Rd1 Nc7 12.Bc4 d5 13.exd6 Bf5 14.Qh4 exd6 15.
Bg5 Qd7 16.Nc3 Bg4 17.Ne4 Bxf3 18.gxf3 Ne5 19.Be2 Qf5 20.Be7 Ne6 21.Bxf8 
Rxf8 22.Nxd6 Qxc2 23.Qe4 Qxb2 24.Rab1 Qxa3 25.f4 Nd7 26.Nxb7 Nf6 27.Qe3 
Qa4 28.f5 Nf4 29.Bf3 Nh3+ 1/2-1/2

[Event "12th EUR-ch"]
[Site "Aix-les-Bains FRA"]
[Date "2011.03.26"]
[Round "5.48"]
[White "Akopian, Vladimir"]
[Black "Pavlov, Sergey"]
[Result "1/2-1/2"]
[WhiteElo "2675"]
[BlackElo "2526"]
[EventDate "2011.03.22"]
[PlyCount "67"]

1.e4 e5 2.Nf3 Nc6 3.Bb5 g6 4.c3 a6 5.Ba4 Bg7 6.d4 exd4 7.cxd4 b5 8.Bb3 d6 
9.O-O Nge7 10.Nc3 O-O 11.Nd5 h6 12.Nxe7+ Qxe7 13.Bd5 Bb7 14.Re1 Kh7 15.h4 
Nd8 16.h5 c6 17.Bb3 Bc8 18.Qc2 Bg4 19.Nh2 Be6 20.Be3 Rc8 21.f4 c5 22.dxc5 
dxc5 23.Bxe6 Nxe6 24.e5 Qh4 25.f5 Bxe5 26.Nf3 Nd4 27.fxg6+ Kh8 28.Nxh4 
Nxc2 29.Bxh6 Bxb2 30.Bxf8 Rxf8 31.h6 Bxa1 32.Re7 Bg7 33.hxg7+ Kxg7 34.Ra7 
1/2-1/2

[Event "12th EUR-ch"]
[Site "Aix-les-Bains FRA"]
[Date "2011.03.26"]
[Round "5.49"]
[White "Inarkiev, Ernesto"]
[Black "Guliyev, Namig"]
[Result "1/2-1/2"]
[WhiteElo "2674"]
[BlackElo "2522"]
[EventDate "2011.03.22"]
[PlyCount "79"]

1.e4 e5 2.Nf3 Nf6 3.Nc3 Nc6 4.Bb5 Nd4 5.Ba4 Nxf3+ 6.Qxf3 c6 7.d3 d6 8.O-O 
Be7 9.h3 O-O 10.Ne2 Nd7 11.Be3 Bg5 12.c3 Bxe3 13.fxe3 Qg5 14.Bc2 Nf6 15.
Rf2 Be6 16.Ng3 Rad8 17.Re1 Kh8 18.a3 Ng8 19.Kh2 g6 20.Ref1 Kg7 21.Qe2 h5 
22.d4 h4 23.Nh1 Ne7 24.Rf3 a6 25.g4 c5 26.d5 Bd7 27.Qf2 f6 28.Qe1 c4 29.
Rg1 Kf7 30.Nf2 b5 31.a4 Rb8 32.a5 Ng8 33.b4 Ke7 34.Rg2 Nh6 35.Qf1 Rg8 36.
Kg1 Rbf8 37.Nd1 Rg7 38.Nf2 Nf7 39.Nd1 Nh6 40.Nf2 1/2-1/2

[Event "12th EUR-ch"]
[Site "Aix-les-Bains FRA"]
[Date "2011.03.26"]
[Round "5.50"]
[White "Bologan, Viorel"]
[Black "Durarbeyli, Vasif"]
[Result "1-0"]
[WhiteElo "2671"]
[BlackElo "2510"]
[EventDate "2011.03.22"]
[PlyCount "61"]

1.d4 Nf6 2.c4 c5 3.d5 b5 4.cxb5 a6 5.e3 axb5 6.Bxb5 Qa5+ 7.Nc3 Ba6 8.Bxa6 
Qxa6 9.a4 d6 10.Nge2 g6 11.Nb5 Qb7 12.O-O Bg7 13.Nec3 O-O 14.e4 Nbd7 15.
Qe2 Rfc8 16.b3 Qa6 17.Bb2 c4 18.b4 Ne5 19.Nd4 Nd3 20.b5 Qa5 21.Nc6 Rxc6 
22.dxc6 Nxb2 23.e5 Qxc3 24.exf6 Bxf6 25.a5 Qb4 26.b6 d5 27.b7 Ra6 28.Qg4 
Rxc6 29.Qc8+ Rxc8 30.bxc8=Q+ Kg7 31.a6 1-0

[Event "12th EUR-ch"]
[Site "Aix-les-Bains FRA"]
[Date "2011.03.26"]
[Round "5.51"]
[White "Prie, Eric"]
[Black "Georgiev, Kiril"]
[Result "1/2-1/2"]
[WhiteElo "2508"]
[BlackElo "2666"]
[EventDate "2011.03.22"]
[PlyCount "84"]

1.d4 Nf6 2.Bf4 c5 3.e3 Qb6 4.Nc3 d6 5.Bb5+ Bd7 6.a4 a6 7.a5 Qc7 8.Ba4 g6 
9.Bg5 Bg7 10.Qd2 Bxa4 11.Rxa4 Nbd7 12.Nf3 O-O 13.O-O Rfe8 14.h3 e6 15.e4 
b5 16.axb6 Nxb6 17.Ra2 cxd4 18.Nxd4 Nfd7 19.Nde2 Rec8 20.Bh6 Nc4 21.Qc1 
Bf6 22.Rd1 Qc6 23.Nd4 Qc5 24.Nce2 Ncb6 25.b3 Qc7 26.Qe3 Qb7 27.Nf3 d5 28.
e5 Bh8 29.Ng3 Qc7 30.Bf4 a5 31.Rda1 a4 32.h4 Rab8 33.h5 axb3 34.cxb3 Qc3 
35.Re1 Bg7 36.h6 Bf8 37.Ra7 Qb4 38.Ne2 Nc4 39.bxc4 Bc5 40.Rxd7 Bxe3 41.
Bxe3 Qxc4 42.Ned4 Qa4 1/2-1/2

[Event "12th EUR-ch"]
[Site "Aix-les-Bains FRA"]
[Date "2011.03.26"]
[Round "5.52"]
[White "Godena, Michele"]
[Black "Zvjaginsev, Vadim"]
[Result "0-1"]
[WhiteElo "2526"]
[BlackElo "2663"]
[EventDate "2011.03.22"]
[PlyCount "100"]

1.e4 e5 2.Nf3 Nc6 3.Bc4 Bc5 4.c3 Nf6 5.d3 d6 6.Nbd2 O-O 7.Bb3 Kh8 8.Nc4 
Ng4 9.Ne3 f5 10.exf5 Bxf5 11.Qe2 Bd7 12.h3 Nf6 13.Nd5 Na5 14.Nxf6 Qxf6 15.
Bc2 Bc6 16.Bd2 Bb6 17.Bd1 e4 18.dxe4 Bxe4 19.O-O Rae8 20.Qb5 a6 21.Qh5 Nc4
22.Bg5 Qf5 23.Nd4 Bxd4 24.cxd4 Nxb2 25.Bg4 Qd5 26.Bd7 Re7 27.Bg4 Ref7 28.
f3 Qxd4+ 29.Kh1 Bd3 30.Rg1 Bg6 31.Qh4 Nd3 32.Rgf1 Re8 33.Rad1 c5 34.f4 Bf5
35.Bh5 g6 36.Bf3 Kg8 37.Kh2 c4 38.Bh6 Be4 39.Rfe1 d5 40.Re2 Qf6 41.Bg5 Qc6
42.Qg3 Bxf3 43.Rxe8+ Qxe8 44.Qxf3 Qe4 45.Qg3 Kg7 46.Qh4 h5 47.Qg3 b5 48.
Rf1 Rf5 49.Rf3 d4 50.h4 b4 0-1

[Event "12th EUR-ch"]
[Site "Aix-les-Bains FRA"]
[Date "2011.03.26"]
[Round "5.53"]
[White "Fedorchuk, Sergei"]
[Black "Martinovic, Sasa"]
[Result "0-1"]
[WhiteElo "2662"]
[BlackElo "2504"]
[EventDate "2011.03.22"]
[PlyCount "44"]

1.e4 e6 2.d4 d5 3.Nd2 c5 4.Ngf3 cxd4 5.Nxd4 Nf6 6.exd5 Nxd5 7.N2f3 Bb4+ 8.
Bd2 O-O 9.Bc4 e5 10.Nb5 e4 11.Bxd5 exf3 12.Bxb4 Qe8+ 13.Kd2 Qxb5 14.Kc3 
Be6 15.Bxe6 Nc6 16.Bxf8 Qe5+ 17.Kb3 Nd4+ 18.Kb4 Qb5+ 19.Kc3 Ne2+ 20.Kd2 
Rd8+ 21.Ke3 Qe5+ 22.Kxf3 Nd4+ 0-1

[Event "12th EUR-ch"]
[Site "Aix-les-Bains FRA"]
[Date "2011.03.26"]
[Round "5.54"]
[White "Fridman, Daniel"]
[Black "Lobzhanidze, Davit"]
[Result "1-0"]
[WhiteElo "2661"]
[BlackElo "2489"]
[EventDate "2011.03.22"]
[PlyCount "89"]

1.Nf3 d5 2.c4 e6 3.d4 Nf6 4.Nc3 Be7 5.Bf4 O-O 6.e3 Nbd7 7.Be2 b6 8.cxd5 
Nxd5 9.Nxd5 exd5 10.Bb5 Bb7 11.Qa4 Nf6 12.Bc6 Bxc6 13.Qxc6 Bb4+ 14.Ke2 Qc8
15.Ne5 Bd6 16.h3 Qa6+ 17.Kf3 Rae8 18.Qc2 Re6 19.g4 c5 20.Kg2 Bxe5 21.Bxe5 
Nd7 22.Bg3 cxd4 23.exd4 Re2 24.Qf5 Nf6 25.Rhe1 Rfe8 26.Rxe2 Qxe2 27.g5 Ne4
28.Qxd5 Nxg3 29.Kxg3 Qxb2 30.Rd1 Qe2 31.Rc1 Qe7 32.Rc3 Rd8 33.Qe5 Qxe5+ 
34.dxe5 g6 35.f4 Rd7 36.h4 h6 37.gxh6 Kh7 38.Rc6 Kxh6 39.f5 Kh5 40.Rd6 Rc7
41.fxg6 fxg6 42.e6 Kh6 43.Kf4 Rc4+ 44.Ke5 Kg7 45.Rd8 1-0

[Event "12th EUR-ch"]
[Site "Aix-les-Bains FRA"]
[Date "2011.03.26"]
[Round "5.55"]
[White "Tkachiev, Vladislav"]
[Black "Can, Emre"]
[Result "0-1"]
[WhiteElo "2646"]
[BlackElo "2487"]
[EventDate "2011.03.22"]
[PlyCount "94"]

1.d4 Nf6 2.c4 g6 3.g3 Bg7 4.Bg2 O-O 5.Nc3 d6 6.h3 Nc6 7.e3 e5 8.Nge2 Bd7 
9.O-O Rb8 10.b3 exd4 11.exd4 a6 12.Bg5 h6 13.Bd2 Re8 14.Rc1 Bf5 15.d5 Ne7 
16.a4 Bd7 17.b4 b6 18.Nd4 Qc8 19.Kh2 Nh7 20.Nf3 g5 21.Qb3 Nf5 22.Qc2 Qd8 
23.Rce1 Rxe1 24.Rxe1 Qf8 25.Bf1 Nd4 26.Nxd4 Bxd4 27.Bd3 Qg7 28.Ne2 Bf6 29.
Bf5 Nf8 30.Be3 Bxf5 31.Qxf5 Qg6 32.Qxg6+ Nxg6 33.Bd4 Kg7 34.Rc1 Re8 35.Be3
Re4 36.a5 bxa5 37.b5 axb5 38.cxb5 Rb4 39.Rxc7 Rxb5 40.Nd4 Rxd5 41.Ne6+ Kg8
42.Rc8+ Kh7 43.Rc7 Ne7 44.Nd8 Kg6 45.g4 a4 46.Ra7 Rb5 47.Ra8 a3 0-1

[Event "12th EUR-ch"]
[Site "Aix-les-Bains FRA"]
[Date "2011.03.26"]
[Round "5.56"]
[White "Pashikian, Arman"]
[Black "Paichadze, Luka"]
[Result "1-0"]
[WhiteElo "2642"]
[BlackElo "2487"]
[EventDate "2011.03.22"]
[PlyCount "65"]

1.d4 Nf6 2.c4 e6 3.g3 Bb4+ 4.Bd2 Bxd2+ 5.Qxd2 O-O 6.Bg2 d5 7.Nf3 Nbd7 8.
O-O c6 9.Rc1 b6 10.b4 Bb7 11.Qb2 Qe7 12.Nbd2 Rfe8 13.e3 Rab8 14.Rab1 Qf8 
15.c5 Ba6 16.Qc2 Be2 17.e4 dxe4 18.Nxe4 Bxf3 19.Bxf3 Nxe4 20.Bxe4 Nf6 21.
cxb6 Rxb6 22.a3 Qd6 23.b5 Nxe4 24.Qxe4 Qxa3 25.bxc6 Rxb1 26.Qxb1 Qd6 27.
Qb5 Qc7 28.d5 exd5 29.Qxd5 h6 30.h4 Rd8 31.Qf3 Rd6 32.Qf4 h5 33.Qxd6 1-0

[Event "12th EUR-ch"]
[Site "Aix-les-Bains FRA"]
[Date "2011.03.26"]
[Round "5.57"]
[White "Brandenburg, Daan"]
[Black "Alexandrov, Alexei"]
[Result "0-1"]
[WhiteElo "2527"]
[BlackElo "2638"]
[EventDate "2011.03.22"]
[PlyCount "70"]

1.e4 e5 2.Nf3 Nc6 3.d4 exd4 4.Nxd4 Bc5 5.Be3 Qf6 6.c3 Nge7 7.Bc4 Ne5 8.Be2
Qg6 9.O-O d6 10.f4 Ng4 11.Bc1 h5 12.h3 Ne5 13.f5 Qf6 14.Be3 g6 15.Nd2 Rg8 
16.Rf2 gxf5 17.Kh1 Bd7 18.Nc4 O-O-O 19.b4 Nxc4 20.Bxc4 Bb6 21.Qd2 c5 22.
Nxf5 Nxf5 23.exf5 Bc6 24.Rd1 Rg3 25.b5 Rxh3+ 26.Kg1 Qh4 27.gxh3 Rg8+ 28.
Kf1 Qxc4+ 29.Qe2 Qe4 30.Ke1 Bxb5 31.Qxb5 Qxe3+ 32.Qe2 Qxc3+ 33.Qd2 Re8+ 
34.Kf1 Qxh3+ 35.Rg2 c4 0-1

[Event "12th EUR-ch"]
[Site "Aix-les-Bains FRA"]
[Date "2011.03.26"]
[Round "5.58"]
[White "Djukic, Nikola"]
[Black "Khalifman, Alexander"]
[Result "1/2-1/2"]
[WhiteElo "2494"]
[BlackElo "2637"]
[EventDate "2011.03.22"]
[PlyCount "88"]

1.e4 e5 2.Nf3 Nc6 3.Bb5 a6 4.Ba4 Nge7 5.c3 g6 6.d4 exd4 7.cxd4 b5 8.Bb3 
Bg7 9.d5 Na5 10.Bc2 d6 11.O-O O-O 12.h3 c6 13.dxc6 Nexc6 14.Nc3 Be6 15.Nd5
Nc4 16.Rb1 Bxd5 17.exd5 Nb4 18.Bb3 a5 19.a3 Na6 20.Nd4 Qb6 21.Nc6 Nb8 22.
Bxc4 bxc4 23.Be3 Qb7 24.Qa4 Nxc6 25.dxc6 Qb3 26.Qxb3 cxb3 27.Rfd1 Rfc8 28.
Rxd6 a4 29.Bb6 Be5 30.Rd5 Rxc6 31.Rxe5 Rxb6 32.Rbe1 Kg7 33.Re8 Raa6 34.
R8e4 Rc6 35.Rb4 Rc2 36.Ree4 Rxb2 37.Rxa4 Rd6 38.Red4 Re6 39.Rab4 Ree2 40.
Rf4 Rb1+ 41.Kh2 Re7 42.Rf3 b2 43.Re3 Rxe3 44.fxe3 Ra1 1/2-1/2

[Event "12th EUR-ch"]
[Site "Aix-les-Bains FRA"]
[Date "2011.03.26"]
[Round "5.59"]
[White "Salgado Lopez, Ivan"]
[Black "Libiszewski, Fabien"]
[Result "1/2-1/2"]
[WhiteElo "2630"]
[BlackElo "2481"]
[EventDate "2011.03.22"]
[PlyCount "102"]

1.d4 d5 2.Nf3 Nf6 3.c4 e6 4.g3 dxc4 5.Bg2 Nc6 6.O-O Rb8 7.e3 b5 8.Qe2 Bb7 
9.b3 cxb3 10.axb3 a6 11.Bd2 Ne4 12.Rc1 Nxd2 13.Nbxd2 Nb4 14.Ne5 Bxg2 15.
Kxg2 Qd5+ 16.e4 Qb7 17.Qf3 c6 18.Qc3 Rc8 19.d5 c5 20.dxe6 fxe6 21.Qf3 Bd6 
22.Qh5+ g6 23.Qh3 Bxe5 24.Qxe6+ Qe7 25.Qxc8+ Kf7 26.Qg4 Bxa1 27.Rxa1 Kg7 
28.Nf3 h5 29.Qf4 Rf8 30.Qe3 Nc2 31.Qc3+ Qf6 32.Qxf6+ Rxf6 33.Rc1 Rxf3 34.
Kxf3 Nd4+ 35.Ke3 Nxb3 36.Rd1 Nd4 37.Rc1 Nb3 38.Rd1 Nd4 39.Kd3 a5 40.Kc3 
Kf6 41.f4 a4 42.Kb2 Ke6 43.g4 hxg4 44.Rg1 b4 45.Rxg4 a3+ 46.Ka2 Kf6 47.h4 
c4 48.f5 Nb5 49.Rxg6+ Kf7 50.Rg3 b3+ 51.Rxb3 cxb3+ 1/2-1/2

[Event "12th EUR-ch"]
[Site "Aix-les-Bains FRA"]
[Date "2011.03.26"]
[Round "5.60"]
[White "Berescu, Alin-Mile"]
[Black "Safarli, Eltaj"]
[Result "0-1"]
[WhiteElo "2481"]
[BlackElo "2628"]
[EventDate "2011.03.22"]
[PlyCount "86"]

1.e4 c5 2.Nf3 e6 3.d4 cxd4 4.Nxd4 Nf6 5.Nc3 Nc6 6.Ndb5 Bc5 7.Nd6+ Ke7 8.
Bf4 e5 9.Nf5+ Kf8 10.Bg5 Bb4 11.Qd3 d5 12.O-O-O Bxf5 13.Bxf6 Qxf6 14.Nxd5 
Qg5+ 15.f4 exf4 16.exf5 Rd8 17.h4 Qh6 18.Qb3 f3+ 19.Kb1 f2 20.c3 Bc5 21.
Qxb7 Rb8 22.Qc7 Qd6 23.Qxd6+ Bxd6 24.Nf6 gxf6 25.Rxd6 Ne5 26.Rd4 h5 27.Be2
Rg8 28.Rf1 Rxg2 29.Rf4 Ng4 30.Bxg4 hxg4 31.R1xf2 Rg1+ 32.Kc2 Kg7 33.c4 Kh6
34.c5 Kh5 35.Rc4 Rg8 36.c6 g3 37.Rd2 g2 38.Kb3 Rb1 39.Rxg2 Rxg2 40.c7 
Rbxb2+ 41.Ka4 Rxa2+ 42.Kb5 Rgb2+ 43.Kc5 Rc2 0-1